000 00657nam a2200253Ia 4500
003 OSt
005 20220918174836.0
006 a|||||r|||| 00| 0
007 ta
008 220917b |||||||| |||| 00| 0 eng d
024 _a14,394
037 _cTextual
040 _aARTS
_cARTS
_beng
041 _2eng
_aeng
082 _aNT53,L, L7
100 _aArnott Peter D.
_951962
245 0 _aIntroduction to the French theatre
260 _aLondon
_bMacmillan
_c1977
300 _axii,164p.
_ccm.
500 _aBibliography 159-160p
650 _aARTS
942 _hNT53,L, L7
_cTEXL
_2CC
999 _c154942
_d154942